000 00501cam a2200181ua 4500
020 _cRs.16
041 _aeng
_h
082 _a338.74
_bRAM/EF
100 _av.v. Ramachandhran, Ramachandran .
245 _aEfficacy of public enterprise
260 _a :
_bAllied publications Pvt ltd ,
_c1963.
300 _a ; .
365 _aRs.16
504 _a
650 _aCost benfit Analysis/social and economic /measurement board/measurement patthen
999 _c11148
_d11148